Aids to geographical research : bibliographies, periodicals, atlases, gazetteers and other reference books

Αποθηκεύτηκε σε:
Λεπτομέρειες βιβλιογραφικής εγγραφής
Κύριος συγγραφέας: Wright, John Kirtland 1901-1969
Άλλοι συγγραφείς: Platt, Elizabeth Tower 1900-1943
Μορφή: Βιβλίο
Γλώσσα:English
Δημοσίευση: Westport : Greenwood Press, c1971
Έκδοση:2nd ed., completely rev.
Θέματα:
Ετικέτες: Προσθήκη ετικέτας
Δεν υπάρχουν, Καταχωρήστε ετικέτα πρώτοι!

MARC

LEADER 00000nam a2200000 i 4500
001 1/25018
008 981203s1971 eng d
020 |a 0-8371-3384-X 
035 |l 10037232 
040 |a GR-MY-UA  |b gre  |e aacr 
041 0 |a eng 
082 0 |a 016.91 
100 1 |a Wright, John Kirtland  |d 1901-1969. 
245 1 0 |a Aids to geographical research :  |b bibliographies, periodicals, atlases, gazetteers and other reference books /  |c John Kirtland Wright; Elizabeth T. Plant 
250 |a 2nd ed., completely rev. 
260 |a Westport :   |b Greenwood Press,   |c c1971 
300 |a xii, 331 p. 
504 |a Includes index 
650 0 0 |a Geography  |x Bibliography. 
650 0 0 |a Geography  |x Bibliography of bibliographies. 
650 0 0 |a Geography  |x Periodicals  |x Bibliography. 
700 1 |a Platt, Elizabeth Tower  |d 1900-1943. 
852 |a INST  |b LESVOS  |e 19981203  |h 016.91 WRI  |p 005100018199  |q 005100018199  |t REF  |y 23 
901 |a BIBL-1999-1 
909 |a Λ  |b 060303 
922 |a 1ΕΛΗ  |b 199810  |c ΚΠΣ/ΤΓ  |d ΠΑΠΑΣΩΤΗΡΙΟΥ 
950 |a 118-1998-07-21